00604nam a22001337a 4500003000900000005001700009008004100026040001300067100006000080245013800140260007200278300001800350520010200368IT-RoPau20220918181108.0130617b xxu||||| |||| 00| 0 eng d cIT-RoPau aCommissione intercongregazionale della Famiglia Paolina aA cent'anni dalla notte profetica-carismatica di Don Giacomo Alberione.b"Fare qualcosa per il Signore e gli uomini del nuovo secolo" aRomabCommissione intercongregazionale della Famiglia Paolinac2000 a40 pp.c21 cm aIndice Presentazione Celebrazione eucaristica L'adorazione eucaristica Canti La Famiglia paolina